000 00713nam 22001933 4500
001 201833
021 _aPT
_b2655/83
090 _a201833
100 _a20260420d u||y0pory50 ba
200 _aHumanistas portugueses em Itália
_esubsídios para o estudo de Frei Gomes de Lisboa, dos dois Luíses Teixeiras, de João de Barros e de Henrique Caiado
_fA. Moreira de Sá
210 _aLisboa
_cImprensa Nacional-Casa da Moeda
_d1983
215 _a203, [13] p.
_cil. ; brochado
_d24 cm
225 _aTemas portugueses
606 _93661
_aCrítica Literária.Estudos Literários
675 _a82.09
_vPT
_zpor
700 _914704
_a
_bArtur Moreira de
_f1913-1989
801 _aPT
_bBMMN
_gRPC
830 _cVanda
990 _cLIVROS